[Event "Warsaw Najdorf Memorial op-B"]
[Site "Warsaw"]
[Date "2023.07.11"]
[Round "1"]
[White "Traczyk, Pawel"]
[Black "Szefer, Michal"]
[Result "0-1"]
[WhiteElo "1693"]
[BlackElo "1863"]
[PlyCount "82"]
[EventDate "2023.07.11"]
[EventType "swiss"]
[EventRounds "9"]
[EventCountry "POL"]
[SourceTitle "EXT 2024"]
[Source "ChessBase"]
[SourceDate "2023.10.10"]
[SourceVersion "1"]
[SourceVersionDate "2023.10.10"]
[SourceQuality "1"]

1. d4 Nf6 2. c4 c5 3. d5 b5 4. e3 Bb7 5. Nf3 g6 6. b3 Bg7 7. Bb2 0-0 8. Be2 Na6 9. 0-0 Nc7 10. Qc2 bxc4 11. bxc4 d6 12. Nbd2 Qd7 13. e4 e5 14. Rab1 Rab8 15. h3 Nh5 16. Nh4 Nf4 17. Bg4 Qe7 18. Ndf3 h5 19. Bf5 gxf5 20. Nxf5 Qf6 21. Qa4 Na6 22. Kh2 Bc8 23. N3h4 Rb4 24. Qc2 Ng6 25. a3 Rxb2 26. Rxb2 Nxh4 27. Nxg7 Kxg7 28. Rb3 Ng6 29. Qd1 Qh4 30. Re3 Nc7 31. Qa4 a6 32. Qc6 Qe7 33. Rg3 Qd7 34. Qb6 h4 35. Re3 Ne8 36. g4 hxg3+ 37. Rxg3 Rh8 38. Qb3 Nf6 39. Rfg1 Nh5 40. Rg4 Nhf4 41. h4 Qe7 0-1

[Event "Mazowiec-chT 1314"]
[Site "Poland"]
[Date "2014.03.09"]
[Round "9.3"]
[White "Traczyk, Pawel"]
[Black "Kosny, Marek"]
[Result "0-1"]
[WhiteElo "1761"]
[BlackElo "1964"]
[PlyCount "42"]
[EventDate "2014.01.12"]
[EventType "team-tourn"]
[EventRounds "10"]
[EventCountry "POL"]
[SourceTitle "EXT 2019"]
[Source "ChessBase"]
[SourceDate "2018.10.10"]
[SourceVersion "1"]
[SourceVersionDate "2018.10.10"]
[SourceQuality "1"]

1. d4 Nf6 2. c4 e6 3. Nc3 d5 4. Nf3 Be7 5. g3 0-0 6. Bg2 Nbd7 7. 0-0 dxc4 8. a4 c5 9. d5 Nb6 10. dxe6 Bxe6 11. Ne5 Qc8 12. Bf4 Rd8 13. Qc1 Nfd5 14. Nxd5 Nxd5 15. Nxc4 Nxf4 16. Qxf4 Rd4 17. Qe3 Rxc4 18. f4 Bf6 19. Qf3 Rd4 20. e4 Bh3 21. Rfd1 Bg4 0-1

[Event "Mazowiec-chT 1314"]
[Site "Poland"]
[Date "2014.01.19"]
[Round "4.8"]
[White "Traczyk, Pawel"]
[Black "Zielinski, Michal"]
[Result "1-0"]
[WhiteElo "1761"]
[BlackElo "1692"]
[PlyCount "65"]
[EventDate "2014.01.12"]
[EventType "team-tourn"]
[EventRounds "10"]
[EventCountry "POL"]
[SourceTitle "EXT 2019"]
[Source "ChessBase"]
[SourceDate "2018.10.10"]
[SourceVersion "1"]
[SourceVersionDate "2018.10.10"]
[SourceQuality "1"]

1. d4 d5 2. c4 e6 3. Nc3 c6 4. Nf3 dxc4 5. a4 Bd7 6. e3 b5 7. axb5 cxb5 8. Ne5 Nc6 9. Nxd7 Qxd7 10. Nxb5 Bb4+ 11. Nc3 Na5 12. Be2 Nf6 13. 0-0 Bxc3 14. bxc3 Nb3 15. Rb1 Nxc1 16. Qxc1 Rc8 17. Qa3 Nd5 18. Rb2 f6 19. Rfb1 Kf7 20. Rb7 Rc7 21. Qxa7 Rhc8 22. Bxc4 Nxc3 23. R1b6 Nd5 24. Rb1 Kg6 25. Bd3+ Kh6 26. h3 Qd6 27. Rxc7 Rxc7 28. Qa6 Rc6 29. Qa5 Rc3 30. Be2 Ra3 31. Qb5 Ra2 32. Bf3 Nc7 33. Qh5# 1-0

[Event "Mazowiec-chT 1314"]
[Site "Poland"]
[Date "2014.01.12"]
[Round "2.13"]
[White "Rzepecka, Dorota"]
[Black "Traczyk, Pawel"]
[Result "0-1"]
[WhiteElo "1821"]
[BlackElo "1761"]
[PlyCount "70"]
[EventDate "2014.01.12"]
[EventType "team-tourn"]
[EventRounds "10"]
[EventCountry "POL"]
[SourceTitle "EXT 2019"]
[Source "ChessBase"]
[SourceDate "2018.10.10"]
[SourceVersion "1"]
[SourceVersionDate "2018.10.10"]
[SourceQuality "1"]

1. e4 e6 2. d4 d5 3. exd5 exd5 4. Bd3 Nf6 5. c3 Bd6 6. Ne2 0-0 7. Bf4 Bxf4 8. Nxf4 Re8+ 9. Ne2 Ng4 10. 0-0 Nd7 11. h3 Nh6 12. Nd2 Nf6 13. Nf3 Ne4 14. Qc2 Qf6 15. Ne5 Bf5 16. c4 c6 17. cxd5 cxd5 18. Nf4 Rac8 19. Qe2 Qd6 20. g4 f6 21. gxf5 fxe5 22. Nxd5 Ng5 23. Bc4 Kh8 24. dxe5 Rxe5 25. Ne3 Nxh3+ 26. Kh1 Re4 27. Rad1 Qb8 28. Qh5 Nf4 29. Qg5 Nh3 30. Qh5 Nxf2+ 31. Rxf2 Qg3 32. Qe2 Rxe3 33. Qf1 Ng4 34. Rg2 Qh3+ 35. Kg1 Rg3 0-1

[Event "Mazowiec-chT op 2013"]
[Site "Poland"]
[Date "2013.12.08"]
[Round "10.11"]
[White "Traczyk, Pawel"]
[Black "Moscicka, Pola"]
[Result "0-1"]
[WhiteElo "1763"]
[BlackElo "1533"]
[PlyCount "44"]
[EventDate "2013.09.29"]
[EventType "team-swiss"]
[EventRounds "10"]
[EventCountry "POL"]
[SourceTitle "EXT 2019"]
[Source "ChessBase"]
[SourceDate "2018.10.10"]
[SourceVersion "1"]
[SourceVersionDate "2018.10.10"]
[SourceQuality "1"]

1. d4 Nf6 2. c4 c5 3. d5 b5 4. cxb5 a6 5. bxa6 Bxa6 6. Nc3 d6 7. e4 Bxf1 8. Kxf1 g6 9. g3 Bg7 10. Nge2 Nbd7 11. Kg2 0-0 12. Qc2 Nb6 13. b3 e6 14. dxe6 fxe6 15. Nf4 Qe7 16. Bb2 Bh6 17. Nce2 Ng4 18. Rhf1 e5 19. Nh3 Rxf2+ 20. Kg1 Rg2+ 21. Kh1 Rxh2+ 22. Kg1 Be3+ 0-1

[Event "Mazowiec-chT op 2013"]
[Site "Poland"]
[Date "2013.10.27"]
[Round "6.15"]
[White "Traczyk, Pawel"]
[Black "Kosiorek, Przemyslaw"]
[Result "1-0"]
[WhiteElo "1763"]
[BlackElo "1973"]
[PlyCount "131"]
[EventDate "2013.09.29"]
[EventType "team-swiss"]
[EventRounds "10"]
[EventCountry "POL"]
[SourceTitle "EXT 2019"]
[Source "ChessBase"]
[SourceDate "2018.10.10"]
[SourceVersion "1"]
[SourceVersionDate "2018.10.10"]
[SourceQuality "1"]

1. d4 Nf6 2. c4 g6 3. Nc3 d5 4. cxd5 Nxd5 5. e4 Nxc3 6. bxc3 Bg7 7. Nf3 0-0 8. Be3 c5 9. Be2 Nc6 10. 0-0 Bg4 11. e5 Qc7 12. h3 Bxf3 13. Bxf3 Rfd8 14. Qa4 a6 15. Rfd1 b5 16. Qc2 Rac8 17. Rac1 Qa5 18. Qb2 Qa4 19. Rd2 cxd4 20. cxd4 Nb8 21. Rdc2 Rxc2 22. Qxc2 Qxc2 23. Rxc2 f6 24. e6 f5 25. Rc7 Bxd4 26. Bxd4 Rxd4 27. Rc8+ Kg7 28. Rxb8 Rd6 29. Kf1 Rxe6 30. Bd5 Rd6 31. Bb3 h6 32. Ke2 g5 33. Rg8+ Kf6 34. Rf8+ Kg6 35. Ke3 e6 36. Re8 Kf6 37. g4 Kf7 38. Rh8 Kg7 39. Rc8 Kf6 40. Rc5 Rb6 41. Bc2 f4+ 42. Ke2 e5 43. Be4 Ke6 44. Rc6+ Rxc6 45. Bxc6 Kd6 46. Bb7 a5 47. Kd3 Kc5 48. Ke4 b4 49. Kxe5 Kc4 50. Bd5+ Kd3 51. f3 a4 52. Bc6 b3 53. Bd5 Ke3 54. axb3 axb3 55. Be4 b2 56. Kf5 b1Q 57. Bxb1 Kxf3 58. Kg6 Ke3 59. Bf5 f3 60. Bc8 Kf4 61. Kxh6 Kg3 62. Kxg5 Kxh3 63. Kf5 Kh4 64. g5 Kh5 65. Kf6 f2 66. Ba6 1-0

[Event "Mazowiec-chT op 2013"]
[Site "Poland"]
[Date "2013.10.06"]
[Round "3.22"]
[White "Kozlowski, Cezary"]
[Black "Traczyk, Pawel"]
[Result "0-1"]
[WhiteElo "1605"]
[BlackElo "1763"]
[PlyCount "62"]
[EventDate "2013.09.29"]
[EventType "team-swiss"]
[EventRounds "10"]
[EventCountry "POL"]
[SourceTitle "EXT 2019"]
[Source "ChessBase"]
[SourceDate "2018.10.10"]
[SourceVersion "1"]
[SourceVersionDate "2018.10.10"]
[SourceQuality "1"]

1. e4 e6 2. Nc3 d5 3. e5 c5 4. Nf3 d4 5. Ne4 Nc6 6. Bb5 Bd7 7. c3 dxc3 8. dxc3 Nxe5 9. Bxd7+ Nxd7 10. Bf4 Ngf6 11. Nd6+ Bxd6 12. Bxd6 Ne4 13. 0-0 Nxd6 14. Qxd6 Qe7 15. Qxe7+ Kxe7 16. Rfe1 Rad8 17. Rad1 Nf6 18. Nh4 Rxd1 19. Rxd1 Rd8 20. Re1 g6 21. f4 Rd2 22. Rb1 Nd5 23. Nf3 Re2 24. g3 Ne3 25. Re1 Rxe1+ 26. Nxe1 Nd1 27. Nd3 c4 28. Nc5 b6 29. Na4 Kd6 30. b4 cxb3 31. axb3 b5 0-1

[Event "Warsaw-ch opB 66th"]
[Site "Warsaw"]
[Date "2013.05.11"]
[Round "1"]
[White "Traczyk, Pawel"]
[Black "Pacan Milej, Kosma"]
[Result "1-0"]
[WhiteElo "1780"]
[BlackElo "1405"]
[PlyCount "47"]
[EventDate "2013.05.11"]
[EventType "swiss"]
[EventRounds "9"]
[EventCountry "POL"]
[SourceTitle "CBM 154 Extra"]
[Source "ChessBase"]
[SourceDate "2013.06.25"]
[SourceVersion "2"]
[SourceVersionDate "2013.06.25"]
[SourceQuality "1"]

1. b4 e5 2. Bb2 Bxb4 3. Bxe5 Nf6 4. Nf3 Nc6 5. Bb2 d5 6. e3 0-0 7. c4 Re8 8. Be2 Bf5 9. 0-0 dxc4 10. Bxc4 Bxb1 11. Rxb1 Ne4 12. d3 Nc5 13. d4 Ne4 14. d5 Na5 15. Qd4 Bf8 16. Bd3 Nc5 17. Bc2 b6 18. Rfd1 Qe7 19. Nh4 Rad8 20. Nf5 Qf6 21. Qg4 Qg6 22. Ne7+ Rxe7 23. Bxg6 hxg6 24. Qf4 1-0

[Event "Mazowiec-chT 1213"]
[Site "Poland"]
[Date "2013.02.24"]
[Round "10.13"]
[White "Traczyk, Pawel"]
[Black "Lukasik, Adam"]
[Result "0-1"]
[WhiteElo "1801"]
[BlackElo "1980"]
[PlyCount "58"]
[EventDate "2013.01.13"]
[EventType "team-tourn"]
[EventRounds "10"]
[EventCountry "POL"]
[SourceTitle "EXT 2019"]
[Source "ChessBase"]
[SourceDate "2018.10.10"]
[SourceVersion "1"]
[SourceVersionDate "2018.10.10"]
[SourceQuality "1"]

1. d4 d5 2. c4 e6 3. Nc3 Nf6 4. Nf3 Be7 5. e3 Nbd7 6. Bd3 dxc4 7. Bxc4 c5 8. 0-0 cxd4 9. Nxd4 Nb6 10. Bb3 0-0 11. Qe2 a6 12. Rd1 Qc7 13. Bd2 e5 14. Nf3 e4 15. Nd4 Bg4 16. f3 Bh5 17. Rac1 Qe5 18. Be1 exf3 19. gxf3 Rac8 20. Bg3 Qa5 21. Kh1 Bb4 22. Be1 Qe5 23. Bg3 Qa5 24. Be1 Qg5 25. e4 Rfe8 26. Nd5 Rxc1 27. Nxf6+ Qxf6 28. Rxc1 Bxe1 29. Nf5 Qxf5 0-1

[Event "Mazowiec-chT 1213"]
[Site "Poland"]
[Date "2013.01.20"]
[Round "3.23"]
[White "Ceglowski, Ryszard"]
[Black "Traczyk, Pawel"]
[Result "1-0"]
[WhiteElo "1898"]
[BlackElo "1801"]
[PlyCount "117"]
[EventDate "2013.01.13"]
[EventType "team-tourn"]
[EventRounds "10"]
[EventCountry "POL"]
[SourceTitle "EXT 2019"]
[Source "ChessBase"]
[SourceDate "2018.10.10"]
[SourceVersion "1"]
[SourceVersionDate "2018.10.10"]
[SourceQuality "1"]

1. d4 Nf6 2. c4 g6 3. Nf3 Bg7 4. Nc3 0-0 5. e4 d6 6. Be2 e5 7. dxe5 dxe5 8. Bg5 h6 9. Qxd8 Rxd8 10. Bxf6 Bxf6 11. Nd5 Nd7 12. Rd1 Kg7 13. Nxc7 Rb8 14. 0-0 b6 15. b4 Bb7 16. Nd5 Nf8 17. Rd2 Ne6 18. Rfd1 Rbc8 19. g3 Ba6 20. Rc2 Bb7 21. h3 Bxd5 22. Rxd5 Rxd5 23. exd5 e4 24. dxe6 exf3 25. Bxf3 fxe6 26. Bg4 Re8 27. c5 bxc5 28. bxc5 Bd8 29. Rb2 Re7 30. Rb8 Ba5 31. Rb5 Bd8 32. a4 Kf7 33. c6 Bb6 34. a5 Bd8 35. Kg2 Kf6 36. Bf3 Kf7 37. Be4 Kf6 38. h4 Kf7 39. g4 Kg7 40. f3 Kf7 41. Kf1 Kf6 42. Ke2 Kf7 43. Kd3 Rc7 44. Rb7 g5 45. hxg5 hxg5 46. Kc4 Ke7 47. Kb5 Kd6 48. Ka6 Bf6 49. Kxa7 Bd4+ 50. Ka6 Bg1 51. Kb5 Rxb7+ 52. cxb7 Kc7 53. Kc4 e5 54. Kd5 Bd4 55. f4 Kxb7 56. fxg5 Be3 57. g6 Bh6 58. Kxe5+ Ka6 59. Kf6 1-0

[Event "Mazowiec-chT 1213"]
[Site "Poland"]
[Date "2013.01.20"]
[Round "4.17"]
[White "Szewczyk, Mariusz"]
[Black "Traczyk, Pawel"]
[Result "1-0"]
[WhiteElo "2074"]
[BlackElo "1801"]
[PlyCount "75"]
[EventDate "2013.01.13"]
[EventType "team-tourn"]
[EventRounds "10"]
[EventCountry "POL"]
[SourceTitle "EXT 2019"]
[Source "ChessBase"]
[SourceDate "2018.10.10"]
[SourceVersion "1"]
[SourceVersionDate "2018.10.10"]
[SourceQuality "1"]

1. e4 e6 2. d4 d5 3. Nc3 Nf6 4. Bg5 dxe4 5. Nxe4 Be7 6. Ng3 0-0 7. Bd3 Nbd7 8. Nf3 c5 9. Qd2 b6 10. 0-0-0 Bb7 11. Bxf6 Nxf6 12. dxc5 Bxc5 13. h4 Qc7 14. Qe2 Ng4 15. Bxh7+ Kh8 16. Ng5 Qf4+ 17. Kb1 Nxf2 18. Rdf1 Bxg2 19. Rxf2 Bxf2 20. Qh5 Bf3 21. Nxf3 Qh6 22. Qxh6 gxh6 23. Ne4 Bxh4 24. Rxh4 Rad8 25. Kc1 Kxh7 26. Ne5 Kg7 27. Rg4+ Kh8 28. Nf6 b5 29. Ned7 Rxd7 30. Nxd7 Rg8 31. Rxg8+ Kxg8 32. Kd2 Kg7 33. Ke3 f5 34. Kf4 Kg6 35. b4 Kh5 36. Nf8 Kh4 37. Nxe6 h5 38. Ng7 1-0

[Event "Mazowiec-chT 1112"]
[Site "Poland"]
[Date "2012.02.19"]
[Round "8.2"]
[White "Pazderski, Ziemowit"]
[Black "Traczyk, Pawel"]
[Result "1-0"]
[WhiteElo "2189"]
[BlackElo "1774"]
[PlyCount "27"]
[EventDate "2012.01.08"]
[EventType "team-tourn"]
[EventRounds "10"]
[EventCountry "POL"]
[SourceTitle "EXT 2019"]
[Source "ChessBase"]
[SourceDate "2018.10.10"]
[SourceVersion "1"]
[SourceVersionDate "2018.10.10"]
[SourceQuality "1"]

1. d4 Nf6 2. c4 g6 3. Nc3 Bg7 4. e4 d6 5. f3 0-0 6. Nge2 Nbd7 7. Be3 c5 8. Qd2 Re8 9. 0-0-0 a6 10. dxc5 Qc7 11. cxd6 exd6 12. Nf4 Ne5 13. Qxd6 Qa5 14. Bb6 1-0

[Event "Mazowiec-chT 1112"]
[Site "Poland"]
[Date "2012.02.05"]
[Round "6.21"]
[White "Czyz, Pawel"]
[Black "Traczyk, Pawel"]
[Result "1/2-1/2"]
[WhiteElo "2027"]
[BlackElo "1774"]
[PlyCount "77"]
[EventDate "2012.01.08"]
[EventType "team-tourn"]
[EventRounds "10"]
[EventCountry "POL"]
[SourceTitle "EXT 2019"]
[Source "ChessBase"]
[SourceDate "2018.10.10"]
[SourceVersion "1"]
[SourceVersionDate "2018.10.10"]
[SourceQuality "1"]

1. d4 Nf6 2. c4 g6 3. Nc3 Bg7 4. Nf3 d6 5. Bf4 0-0 6. h3 Nbd7 7. e3 c5 8. Be2 Nh5 9. Bh2 b6 10. 0-0 Bb7 11. Qc2 Rc8 12. Rac1 Nhf6 13. Rfd1 Bxf3 14. gxf3 cxd4 15. Rxd4 Nc5 16. b3 Qd7 17. Bf1 Ne6 18. Rdd1 Ng5 19. Qe2 Nxh3+ 20. Bxh3 Qxh3 21. Nd5 Nxd5 22. Rxd5 Rc5 23. Rcd1 Rfc8 24. e4 Rxd5 25. Rxd5 Rc5 26. Bg3 e6 27. Rxc5 dxc5 28. Qd2 Bd4 29. Qg5 f6 30. Qg4 Qxg4 31. fxg4 e5 32. Kg2 g5 33. f3 Bc3 34. Bf2 Kf7 35. Kf1 Kg6 36. Kg2 h5 37. gxh5+ Kxh5 38. Kh3 Bd4 39. Be1 1/2-1/2

[Event "Mazowiec-chT 1112"]
[Site "Poland"]
[Date "2012.02.05"]
[Round "5.27"]
[White "Traczyk, Pawel"]
[Black "Milczarek, Robert"]
[Result "1-0"]
[WhiteElo "1774"]
[BlackElo "1864"]
[PlyCount "65"]
[EventDate "2012.01.08"]
[EventType "team-tourn"]
[EventRounds "10"]
[EventCountry "POL"]
[SourceTitle "EXT 2019"]
[Source "ChessBase"]
[SourceDate "2018.10.10"]
[SourceVersion "1"]
[SourceVersionDate "2018.10.10"]
[SourceQuality "1"]

1. d4 Nf6 2. c4 g6 3. Nc3 d5 4. cxd5 Nxd5 5. e4 Nxc3 6. bxc3 Bg7 7. Nf3 0-0 8. Be2 c5 9. 0-0 Nc6 10. Bb2 Bg4 11. d5 Na5 12. Rb1 Qc7 13. Nd2 Bxe2 14. Qxe2 Rae8 15. c4 e6 16. Bxg7 Kxg7 17. Qd3 b6 18. d6 Qd7 19. e5 f5 20. f4 Kg8 21. g4 Kh8 22. gxf5 gxf5 23. Kf2 Rd8 24. Rg1 Rf7 25. Rg5 Qa4 26. Qc3 Rb7 27. Rbg1 Qe8 28. Qg3 Qf7 29. Qh4 Rf8 30. Rg6 b5 31. cxb5 Rxb5 32. Qh6 Rbb8 33. Rg7 1-0

[Event "Mazowiec-chT 1112"]
[Site "Poland"]
[Date "2012.01.08"]
[Round "1.25"]
[White "Parol, Pawel"]
[Black "Traczyk, Pawel"]
[Result "1-0"]
[WhiteElo "1923"]
[BlackElo "1774"]
[PlyCount "55"]
[EventDate "2012.01.08"]
[EventType "team-tourn"]
[EventRounds "10"]
[EventCountry "POL"]
[SourceTitle "EXT 2019"]
[Source "ChessBase"]
[SourceDate "2018.10.10"]
[SourceVersion "1"]
[SourceVersionDate "2018.10.10"]
[SourceQuality "1"]

1. e4 e6 2. d4 d5 3. Nc3 Nf6 4. Bg5 dxe4 5. Nxe4 Be7 6. Bxf6 Bxf6 7. Nxf6+ Qxf6 8. Nf3 0-0 9. Bd3 Nd7 10. 0-0 b6 11. Be4 Rb8 12. c3 Bb7 13. Bxb7 Rxb7 14. Qe2 c5 15. Rfd1 Rd8 16. dxc5 Nxc5 17. Ne5 Rd5 18. c4 Rxd1+ 19. Rxd1 Rb8 20. b4 Rd8 21. bxc5 bxc5 22. Rxd8+ Qxd8 23. Nc6 Qb6 24. Qd1 Kf8 25. Qd6+ Kg8 26. Qd8+ Qxd8 27. Nxd8 Kf8 28. Nb7 1-0

[Event "Warsaw Najdorf Memorial op-B"]
[Site "Warsaw"]
[Date "2011.07.20"]
[Round "8"]
[White "Traczyk, Pawel"]
[Black "Pekacki, Stanislaw"]
[Result "0-1"]
[WhiteElo "1775"]
[BlackElo "1927"]
[PlyCount "78"]
[EventDate "2011.07.14"]
[EventType "swiss"]
[EventRounds "9"]
[EventCountry "POL"]
[SourceTitle "EXT 2012"]
[Source "ChessBase"]
[SourceDate "2011.11.24"]
[SourceVersion "1"]
[SourceVersionDate "2011.11.24"]
[SourceQuality "1"]

1. d4 d5 2. c4 c6 3. Nf3 Nf6 4. Nc3 e6 5. e3 Nbd7 6. Bd3 dxc4 7. Bxc4 b5 8. Bd3 Bb7 9. 0-0 Be7 10. b3 a6 11. Bb2 c5 12. Rc1 0-0 13. Qe2 Qb6 14. Rfd1 Rfd8 15. Ng5 cxd4 16. exd4 Nf8 17. Nce4 h6 18. Nf3 Nd5 19. Nc5 Nf4 20. Qe3 Nxd3 21. Rxd3 Bd5 22. Ne5 Nh7 23. Qf4 f6 24. Ned7 Qd6 25. Qxd6 Bxd6 26. Rdc3 Ra7 27. Nb6 Bf4 28. R1c2 b4 29. Rd3 Nf8 30. Nxd5 Rxd5 31. Rc4 a5 32. g3 Bb8 33. f4 Kf7 34. Re3 Bc7 35. Re1 Bb6 36. Rec1 e5 37. dxe5 Ne6 38. exf6 gxf6 39. Kf1 Rxc5 0-1

[Event "Mazowiec-chT op 0910"]
[Site "Mazowsze"]
[Date "2010.02.28"]
[Round "8.10"]
[White "Traczyk, Pawel"]
[Black "Rafa, Robert"]
[Result "1-0"]
[WhiteElo "1759"]
[BlackElo "2000"]
[PlyCount "103"]
[EventDate "2009.11.29"]
[EventType "team-tourn"]
[EventRounds "10"]
[EventCountry "POL"]
[SourceTitle "EXT 2011"]
[Source "ChessBase"]
[SourceDate "2010.11.26"]
[SourceVersion "1"]
[SourceVersionDate "2010.11.26"]
[SourceQuality "1"]

1. d4 d5 2. c4 c6 3. Nf3 Nf6 4. Nc3 e6 5. e3 Nbd7 6. Bd3 dxc4 7. Bxc4 b5 8. Bd3 Be7 9. 0-0 0-0 10. e4 Bb7 11. e5 Nd5 12. Nxd5 exd5 13. Be3 a6 14. b4 Nb6 15. Qc2 h6 16. e6 fxe6 17. Bh7+ Kh8 18. Ne5 Rf6 19. Bg6 Qf8 20. Bf7 Nc4 21. Ng6+ Rxg6 22. Qxg6 Nd6 23. Bxe6 Bc8 24. Rac1 Bf6 25. Bxc8 Rxc8 26. a3 Nc4 27. Rc3 Qe8 28. Qxe8+ Rxe8 29. Rd1 a5 30. bxa5 Nxa5 31. Kf1 Nc4 32. Bc1 Re4 33. Rcd3 Kg8 34. f3 Re8 35. Re1 Rc8 36. g4 Kf7 37. f4 Be7 38. g5 Bd6 39. h4 h5 40. f5 Ra8 41. Re6 Re8 42. g6+ Kf8 43. Rxe8+ Kxe8 44. Rf3 Be7 45. Bg5 Bxa3 46. f6 Bf8 47. f7+ Kd7 48. Bc1 Ke6 49. Rf2 Nd6 50. Ba3 Kd7 51. Re2 Be7 52. Rxe7+ 1-0

[Event "Mazowiec-chT op 0910"]
[Site "Mazowsze"]
[Date "2010.02.21"]
[Round "7.6"]
[White "Musiatowicz, Przemyslaw"]
[Black "Traczyk, Pawel"]
[Result "1-0"]
[WhiteElo "1909"]
[BlackElo "1759"]
[PlyCount "109"]
[EventDate "2009.11.29"]
[EventType "team-tourn"]
[EventRounds "10"]
[EventCountry "POL"]
[SourceTitle "EXT 2011"]
[Source "ChessBase"]
[SourceDate "2010.11.26"]
[SourceVersion "1"]
[SourceVersionDate "2010.11.26"]
[SourceQuality "1"]

1. e4 e6 2. d4 d5 3. e5 c5 4. Qg4 cxd4 5. Nf3 Nc6 6. Bd3 f5 7. Qg3 Bd7 8. a3 Qa5+ 9. Nbd2 0-0-0 10. 0-0 Nh6 11. Nb3 Qb6 12. Qf4 Nf7 13. h4 h6 14. h5 Be7 15. Qg3 Ng5 16. Bf4 Rdg8 17. Nh4 Ne4 18. Qh2 Bxh4 19. Qxh4 g5 20. hxg6 Rxg6 21. f3 Nc5 22. Nxc5 Qxc5 23. Rae1 Rhg8 24. Re2 Qe7 25. Qe1 h5 26. b4 h4 27. Kh2 a6 28. Qa1 b5 29. a4 Qxb4 30. axb5 axb5 31. Rb1 Qa5 32. Qb2 b4 33. Ra1 Qb6 34. Ra6 Qb7 35. Qa1 Kd8 36. Qe1 Rh8 37. Qa1 Ke7 38. Re1 Rhg8 39. Bf1 Rb8 40. Rb1 Rgg8 41. Qb2 Ra8 42. Rba1 Rxa6 43. Bxa6 Qb6 44. Qc1 Kf7 45. Bd3 Nd8 46. Ra6 Qb8 47. Qa1 Nc6 48. Bxf5 Nxe5 49. Qxd4 Nxf3+ 50. gxf3 Qb5 51. Bd3 Qb7 52. Ra7 Qc8 53. Qe5 b3 54. Rc7 Qe8 55. Qd6 1-0

[Event "Mazowiec-chT op 0910"]
[Site "Mazowsze"]
[Date "2010.01.10"]
[Round "3.13"]
[White "Jozwik, Jacek"]
[Black "Traczyk, Pawel"]
[Result "1-0"]
[WhiteElo "2005"]
[BlackElo "1759"]
[PlyCount "57"]
[EventDate "2009.11.29"]
[EventType "team-tourn"]
[EventRounds "10"]
[EventCountry "POL"]
[SourceTitle "EXT 2011"]
[Source "ChessBase"]
[SourceDate "2010.11.26"]
[SourceVersion "1"]
[SourceVersionDate "2010.11.26"]
[SourceQuality "1"]

1. d4 Nf6 2. Nf3 g6 3. c4 Bg7 4. Nc3 0-0 5. e4 d6 6. g3 e5 7. Bg2 Nbd7 8. 0-0 exd4 9. Nxd4 Nc5 10. b4 Ne6 11. Bb2 Re8 12. Nxe6 Bxe6 13. Qb3 Ng4 14. Rac1 c6 15. Ne2 Ne5 16. Nd4 Qd7 17. f4 Bxc4 18. Rxc4 Nxc4 19. Qxc4 d5 20. exd5 cxd5 21. Qb3 Rad8 22. f5 Qd6 23. Kh1 Qe5 24. fxg6 hxg6 25. Qf3 Qc7 26. Nb5 Qd7 27. Bxg7 Kxg7 28. Nc3 Re5 29. Qf6+ 1-0

[Event "Rewal op-B 14th"]
[Site "Rewal"]
[Date "2009.08.29"]
[Round "9"]
[White "Murawko, Julia"]
[Black "Traczyk, Pawel"]
[Result "0-1"]
[WhiteElo "1506"]
[BlackElo "1839"]
[PlyCount "94"]
[EventDate "2009.08.20"]
[EventType "swiss"]
[EventRounds "9"]
[EventCountry "POL"]
[SourceTitle "EXT 2011"]
[Source "ChessBase"]
[SourceDate "2010.11.26"]
[SourceVersion "1"]
[SourceVersionDate "2010.11.26"]
[SourceQuality "1"]

1. e4 d6 2. d4 Nf6 3. Nc3 g6 4. Nf3 Bg7 5. g3 0-0 6. Bg2 Bg4 7. 0-0 Nc6 8. Qd3 e5 9. d5 Nb4 10. Qd2 Qd7 11. a3 Na6 12. b4 Bh3 13. Re1 Bxg2 14. Kxg2 Nh5 15. Nh4 Kh8 16. Rb1 f5 17. exf5 gxf5 18. Qg5 Qf7 19. Bd2 f4 20. Rf1 Bf6 21. Qg4 Rg8 22. Qh3 Bxh4 23. Qxh4 c6 24. dxc6 bxc6 25. Rbd1 Nc7 26. Bc1 Rad8 27. Ne4 Qg6 28. Nd2 fxg3 29. fxg3 Nf4+ 30. Kh1 Ncd5 31. Nf3 Ne2 32. Bg5 Rdf8 33. Bd2 Qxc2 34. Bh6 Rxf3 35. Rfe1 Nef4 36. Bxf4 Rxf4 37. Qh3 Rf2 38. Rc1 Qf5 39. Qxf5 Rxf5 40. Rxc6 Rd8 41. Rd1 e4 42. g4 Re5 43. Ra6 Rd7 44. Ra5 e3 45. Kg1 e2 46. Re1 Rf7 47. Ra6 Ne3 0-1

[Event "Rewal op-B 14th"]
[Site "Rewal"]
[Date "2009.08.25"]
[Round "5"]
[White "Traczyk, Pawel"]
[Black "Gorol, Jacek"]
[Result "0-1"]
[WhiteElo "1839"]
[BlackElo "1639"]
[PlyCount "70"]
[EventDate "2009.08.20"]
[EventType "swiss"]
[EventRounds "9"]
[EventCountry "POL"]
[SourceTitle "EXT 2011"]
[Source "ChessBase"]
[SourceDate "2010.11.26"]
[SourceVersion "1"]
[SourceVersionDate "2010.11.26"]
[SourceQuality "1"]

1. d4 g6 2. c4 Nf6 3. Nc3 Bg7 4. e4 d6 5. f4 0-0 6. Nf3 c5 7. d5 e6 8. Bd3 exd5 9. cxd5 Re8 10. 0-0 Qb6 11. Kh1 Na6 12. a3 Bd7 13. h3 c4 14. Bc2 Nc5 15. Re1 Nh5 16. Nd2 Nd3 17. Bxd3 cxd3 18. Qf3 f5 19. g4 fxe4 20. Ndxe4 Nf6 21. Qxd3 h5 22. Be3 Qd8 23. Nxd6 Rxe3 24. Rxe3 Qc7 25. Nce4 Nxe4 26. Nxe4 hxg4 27. hxg4 Qxf4 28. Nc5 Bxg4 29. Ne6 Qh6+ 30. Kg2 Bf5 31. Qe2 Bf6 32. Rh1 Bh4 33. d6 Bxe6 34. Rxe6 Qg5+ 35. Kf1 Rf8+ 0-1

[Event "Mazowiec-chT op"]
[Site "Mazowsze"]
[Date "2009.02.15"]
[Round "3"]
[White "Traczyk, Pawel"]
[Black "Kolinski, Kamil"]
[Result "1-0"]
[WhiteElo "1839"]
[BlackElo "1533"]
[PlyCount "107"]
[EventDate "2009.01.11"]
[EventType "team-tourn"]
[EventRounds "10"]
[EventCountry "POL"]
[SourceTitle "EXT 2013"]
[Source "ChessBase"]
[SourceDate "2012.11.22"]
[SourceVersion "1"]
[SourceVersionDate "2012.11.22"]
[SourceQuality "1"]

1. d4 Nf6 2. c4 c5 3. d5 e6 4. Nc3 exd5 5. cxd5 d6 6. e4 g6 7. Nf3 Nbd7 8. Bd3 a6 9. 0-0 b5 10. Re1 Ne5 11. Nxe5 dxe5 12. b3 Bg7 13. Qc2 0-0 14. Be3 Nd7 15. Ne2 Bb7 16. Bxc5 Rc8 17. b4 Re8 18. a4 Bf8 19. axb5 Nxc5 20. bxc5 Bxc5 21. Qd2 axb5 22. Bxb5 Bxf2+ 23. Kxf2 Qb6+ 24. Qe3 Qxb5 25. Reb1 Qd7 26. Ra7 Rb8 27. Qb6 Re7 28. d6 Re6 29. Rxb7 Rxb7 30. Qxb7 Qxd6 31. Qd5 Qa3 32. Qd2 Qc5+ 33. Ke1 Rf6 34. Qd8+ Kg7 35. Rb8 Rd6 36. Qc8 Rc6 37. Qh8+ Kh6 38. Qf8+ Kg5 39. Qxc5 Rxc5 40. Rb7 Kf6 41. Kd2 Ra5 42. Nc3 h6 43. Nd5+ Kg5 44. Rxf7 Ra2+ 45. Ke3 Rxg2 46. Re7 Rxh2 47. Rxe5+ Kg4 48. Re6 g5 49. Rf6 Rh1 50. Ke2 h5 51. e5 h4 52. e6 h3 53. e7 h2 54. Ne3+ 1-0